Flores silvestres (Registo nº 3086)
[ vista simples ]
| 000 -Etiqueta do registo | |
|---|---|
| Cabeçalho | 00836nam a22002771 4500 |
| 005 - Identificador da versão | |
| Campo de controlo | 20240813121952.0 |
| 010 ## - Número internacional normalizado dos livros (ISBN) | |
| Número (ISBN) | 972707118X |
| 100 ## - Dados gerais de processamento | |
| Dados gerais de processamento | 19960715d1995 demy0pory5003 ba |
| 102 ## - Pais de publicação ou produção | |
| País de publicação | Portugal |
| 101 1# - Língua de publicação | |
| Língua do texto, banda sonora, etc. | Português |
| Língua do documento no original | Inglês |
| 106 ## - Campo de dados codificados: material textual | |
| Dados codificados do material textual | r |
| 215 ## - Descrição física | |
| Indicação específica da natureza do documento e extensão da espécie | 126 p. |
| Outras indicações físicas | muito il. color. |
| Dimensões | 18 cm |
| 200 1# - Titulo e menção de responsabilidade | |
| Título próprio | Flores silvestres |
| Informação de outro título | [guia prático para identificar facilmente 140 flores] |
| Primeira menção de responsabilidade | P. Forey, C. Fitzsimons |
| Outras menções de responsabilidade | trad. Orlanda Genro |
| 225 2# - Colecção | |
| Título próprio da colecção | Pequenos guias da natureza |
| 205 ## - Menção da edição | |
| Menção da edição | 1ª ed |
| 210 ## - Publicação, Distribuição, etc. | |
| Lugar da edição, distribuição, etc. | Lisboa |
| Nome do editor, distribuidor, etc. | Plátano |
| Data da publicação, distribuição, etc. | 1995 |
| 606 ## - Nome comum usado como assunto | |
| Número de registo de entrada de autoridade | 0002093 |
| Palavra de ordem | Ciências exactas |
| Subdivisão de assunto | Botânica |
| 675 ## - Classificação Decimal Universal (CDU) | |
| Notação | 58 |
| Edição | 2ª |
| Língua da edição | por |
| 702 ## - Nome de autor-pessoa física (responsabilidade secundária) | |
| Número de registo de entrada de autoridade | 0002275 |
| Palavra de ordem | Genro |
| Outra parte do nome não tomada para palavra de ordem | Orlanda |
| Código de função | Tradutor |
| 701 ## - Nome de autor-pessoa física (co-responsabilidade principal) | |
| Palavra de ordem | Fitzsimons |
| Outra parte do nome não tomada para palavra de ordem | Cecilia |
| Código de função | Autor / Co-autor |
| 700 ## - Nome de autor-pessoa física (responsabilidade principal) | |
| Número de registo de entrada de autoridade | 0002109 |
| Palavra de ordem | Forey |
| Outra parte do nome não tomada para palavra de ordem | Pamela |
| 942 ## - Elementos de entrada adicionados (Koha) | |
| Tipo de item no Koha | Livro |
| Situação do levantamento | Origin of item (home branch) (coded) | Biblioteca de empréstimo | Código de barras | Cota | Circulation type (not for loan) | Tipo de documento | Nota do exemplar | Damaged status |
|---|---|---|---|---|---|---|---|---|
| Biblioteca Escolar da Coca Maravilhas | Biblioteca Escolar da Coca Maravilhas | BECM3661/94 | 5BOT FOR | Livro | Sem mensagem |
